| 000 | 00712nam a22002297a 4500 | ||
|---|---|---|---|
| 003 | CO-ViMGA | ||
| 005 | 20250313152320.0 | ||
| 007 | ta | ||
| 008 | 150609s2010 mx a|||| |||| 00| 0 spa d | ||
| 020 | _a9789583802133 | ||
| 040 |
_aCO-ViMGA _bspa _cCO-ViMGA |
||
| 084 | _aA BRO1 | ||
| 100 | 1 |
_aBrown, Anthony _eautor _959362 |
|
| 245 | 1 | 0 |
_aLos tres osos / _cAnthony Brown; traducción, Fabiano Durand |
| 264 | 1 |
_aMéxico, _bFondo de Cultura Económica, _c2010 |
|
| 300 |
_a32 páginas sin numerar, _bilustraciones a color, _c28 x 19 cm |
||
| 490 | _aColección Clásicos | ||
| 650 | 1 | 7 | _2Literatura infantil |
| 650 | 1 | 7 |
_2ARMARC _aLiteratura infantil _92746 |
| 650 | 1 | 7 |
_2ARMARC _aÁlbum infantil |
| 942 |
_2ddc _cBKINF |
||
| 999 |
_c103 _d103 |
||